Laws of Texas relating to the civil rights of married women /

Bibliographic Details
Corporate Authors: Texas, Texas Library and Historical Commission
Format: Book
Language:English
Published: Austin, Tex. : [publisher not identified], 1929.
Subjects:

MARC

Tag First Indicator Second Indicator Subfields
LEADER 00000cam a2200000Ia 4500
001 in00000431908
005 20190207094258.0
008 800318s1929 txu s000 0 eng
010 |a  30021914  
029 1 |a AU@  |b 000028229450 
035 |a (OCoLC)ocm06098678 
035 |a (OCoLC)06098678 
035 |9 ABX8385AM 
035 |a (OCoLC)6098678 
040 |a DLC  |c CLE  |d SLU  |d TXA  |d UtOrBLW 
043 |a n-us-tx 
049 |a TXAM 
090 |a KFT1296  |b .A3 1929 
092 |a 396.2  |b T312ℓ 
110 1 |a Texas. 
245 1 0 |a Laws of Texas relating to the civil rights of married women /  |c prepared by Texas Library and Historical Commission, State Library, Legislative Reference Division. 
264 1 |a Austin, Tex. :  |b [publisher not identified],  |c 1929. 
300 |a 29 unnumbered leaves ;  |c 28 cm. 
336 |a text  |b txt  |2 rdacontent 
337 |a unmediated  |b n  |2 rdamedia 
338 |a volume  |b nc  |2 rdacarrier 
500 |a The Cushing Library/Chapman Texas Collection copy is part of the Floyd & Louise Chapman Texas & Borderlands Collection.  |5 TXA 
500 |a Autographed from type-written copy.  |5 DLC 
500 |a Autographed from type-written copy. 
650 0 |a Married women  |x Legal status, laws, etc.  |z Texas. 
710 2 |a Texas Library and Historical Commission. 
994 |a C0  |b TXA 
999 |a MARS 
999 f f |s 0c92db5f-c22e-318d-ac6b-31ffd517532f  |i 8486db54-0e9c-33c6-883e-fecc84479c2e  |t 0 
952 f f |p noncirc  |a Texas A&M University  |b College Station  |c Cushing Memorial Library & Archives  |d Cushing: Chapman Texas Collection (Does not check out)  |t 0  |e KFT1296 .A3 1929  |h Library of Congress classification  |i unmediated -- volume 
998 f f |a KFT1296 .A3 1929  |t 0  |l Cushing: Chapman Texas Collection (Does not check out)